Home Print Resources E-Books E-Journals IIMT Lecture Series Library Membership Form Book Recommendation Form Campus Tour Take AdmissionAbout Us Contact Us

STRENGTH OF METERAILS (Record no. 35880)

000 -LEADER
fixed length control field 00408nam a22001697a 4500
003 - CONTROL NUMBER IDENTIFIER
control field OSt
005 - DATE AND TIME OF LATEST TRANSACTION
control field 20240321115315.0
008 - FIXED-LENGTH DATA ELEMENTS--GENERAL INFORMATION
fixed length control field 170717b xxu||||| |||| 00| 0 eng d
020 ## - INTERNATIONAL STANDARD BOOK NUMBER
International Standard Book Number 978-9352533695
040 ## - CATALOGING SOURCE
Transcribing agency SEROSOFT
100 ## - MAIN ENTRY--PERSONAL NAME
Personal name RAJPUT,R. K.
245 ## - TITLE STATEMENT
Title STRENGTH OF METERAILS
Statement of responsibility, etc. RAJPUT,R K
260 ## - PUBLICATION, DISTRIBUTION, ETC.
Place of publication, distribution, etc. DELHI
Name of publisher, distributor, etc. KATSON
Date of publication, distribution, etc. 2013
300 ## - PHYSICAL DESCRIPTION
Extent 298
440 ## - SERIES STATEMENT/ADDED ENTRY--TITLE
Name of part/section of a work POLYTECHNIC
942 ## - ADDED ENTRY ELEMENTS (KOHA)
Source of classification or shelving scheme
Koha item type General Book
Call number prefix 620.17RAJ
Holdings
Withdrawn status Lost status Source of classification or shelving scheme Damaged status Not for loan Home library Current library Date acquired Source of acquisition Cost, normal purchase price Total Checkouts Full call number Barcode Date last seen Price effective from Koha item type Date last checked out
          IIMT University Central Library Meerut IIMT University Central Library Meerut 07/17/2017 KIRTI PRAKASHAN 175.00   620.17RAJ 01-B-121556 07/17/2017 07/17/2017 General Book  
          IIMT University Central Library Meerut IIMT University Central Library Meerut 07/17/2017 KIRTI PRAKASHAN 175.00   620.17RAJ 01-B-121557 07/17/2017 07/17/2017 General Book  
          IIMT University Central Library Meerut IIMT University Central Library Meerut 07/17/2017 KIRTI PRAKASHAN 175.00 2 R 01-B-121558 01/15/2018 07/17/2017 Reference Book 01/10/2018
          IIMT University Central Library Meerut IIMT University Central Library Meerut 07/17/2017 KIRTI PRAKASHAN 175.00   620.17RAJ 01-B-121559 07/17/2017 07/17/2017 General Book  
          IIMT University Central Library Meerut IIMT University Central Library Meerut 07/17/2017 KIRTI PRAKASHAN 175.00   620.17RAJ 01-B-121560 07/17/2017 07/17/2017 General Book  
IIMT, Central Library. All Rights Reserved IIMT,UNIVERSITY © 2023
Implemented and Customised by I CLOUDE EMS
You Are OPAC Visitor No
free web counter

Powered by Koha